000 00764nam a22002297a 4500
005 20240530110854.0
008 210928s2021 ua o f 000 f ara d
017 _a2021/5911
_bمصر. دار الكتب
020 _a9789779086781
040 _aEG-CaGPL
_cEG-CaGPL
082 0 4 _221
_a813.03/
_bح ض
100 0 _aحسن الشامى
245 1 2 _aالضباب :
_bروايه /
_cحسن الشامى
250 _aط. 3
260 _aالقاهرة :
_bالجمعية المصرية للتنمية العلمية والتكنولوجية،
_c2021.
300 _a144 ص. :
_bصور؛
_c19 سم.
650 0 7 _2qrmak
_aالادب العربى
650 0 7 _2qrmak
_aالقصص العربية
651 _2qrmak
942 _2ddc
_cBK
999 _c66009
_d66009